Die Gerettete Zunge (Record no. 39765)

MARC details
000 -LEADER
campo de control de longitud fija 00640nam a2200205 i 4500
001 - NÚMERO DE CONTROL
campo de control 39765
003 - IDENTIFICADOR DE NÚMERO DE CONTROL
campo de control ES-MaACL
005 - FECHA Y HORA DE LA ÚLTIMA TRANSACCIÓN
campo de control 20231102063033.0
007 - CAMPO FIJO DE DESCRIPCIÓN FÍSICA--INFORMACIÓN GENERAL
campo de control de longitud fija t|
008 - DATOS DE LONGITUD FIJA--INFORMACIÓN GENERAL
campo de control de longitud fija 030304s1985 gw ||||1| ger d
020 ## - NÚMERO INTERNACIONAL ESTÁNDAR DEL LIBRO
Número Internacional Estándar del Libro 3-596-22083-1
100 0# - ENTRADA PRINCIPAL--NOMBRE DE PERSONA
Nombre de persona Canetti, Elias,
Fechas asociadas al nombre 1905-1994
9 (RLIN) 34493
245 14 - MENCIÓN DEL TÍTULO
Título Die Gerettete Zunge
Resto del título : Geschichte einer Jugend /
Mención de responsabilidad, etc. Elías Canetti.
260 ## - PUBLICACIÓN, DISTRIBUCIÓN, ETC.
Lugar de publicación, distribución, etc. Frankfurt am Main :
Nombre del editor, distribuidor, etc. Fischer Taschenbuch,
Fecha de publicación, distribución, etc. 1985.
300 ## - DESCRIPCIÓN FÍSICA
Extensión 318 p. ;
Dimensiones 18 cm.
490 1# - MENCIÓN DE SERIE
Mención de serie Fischer Taschenbuch ;
Designación de volumen o secuencia 2083
830 0# - PUNTO DE ACCESO ADICIONAL DE SERIE-TÍTULO UNIFORME
Título uniforme Fischer Taschenbuch ;
Designación de volumen o secuencia 2083
9 (RLIN) 229719
852 ## - LOCALIZACIÓN
Ubicación ES-MaACL
Número de control de estantería L-12526
Sublocalización o colección R.114806
Holdings
Estatus retirado Estado de pérdida Estado de daño No para préstamo Biblioteca de origen Biblioteca actual Ubicación en estantería Fecha de adquisición Fuente de adquisición Total de préstamos Signatura topográfica completa Código de barras Visto por última vez Precio de reemplazo Tipo de ítem Koha
        Biblioteca del Ateneo de Madrid Biblioteca del Ateneo de Madrid Depósito 2 17/01/2008     L-12526 1041875 23/02/2023 23/02/2023 Libro impreso